О возможности контроля состояния парамагнитных материалов и изделий магниторезонансными методами; I; Метод протонного магнитного резонанса низкого разрешения; Дефектоскопия; № 3

Detaylı Bibliyografya
Parent link:Дефектоскопия.— , 1965-
№ 3.— 2002.— С. 77-86
Yazar: Соболев А. С.
Diğer Yazarlar: Пудов В. И.
Dil:Rusça
Baskı/Yayın Bilgisi: 2002
Seri Bilgileri:Магнитные методы
Konular:
Materyal Türü: MixedMaterials Kitap Bölümü
KOHA link:https://koha.lib.tpu.ru/cgi-bin/koha/opac-detail.pl?biblionumber=428278

MARC

LEADER 00000naa2a2200000 4500
001 428278
005 20231101074823.0
035 |a (RuTPU)RU\TPU\prd\87816 
035 |a RU\TPU\prd\9062 
090 |a 428278 
100 |a 20101008a2002 k y0rusy50 ca 
101 0 |a rus 
102 |a RU 
200 1 |a О возможности контроля состояния парамагнитных материалов и изделий магниторезонансными методами  |h I  |i Метод протонного магнитного резонанса низкого разрешения  |f А. С. Соболев, В. И. Пудов 
225 1 |a Магнитные методы 
320 |a Библиогр.: 17 назв. 
461 1 |0 (RuTPU)RU\TPU\prd\151  |t Дефектоскопия  |d 1965- 
463 1 |0 (RuTPU)RU\TPU\prd\87809  |t № 3  |v С. 77-86  |d 2002 
610 1 |a парамагнитные материалы 
610 1 |a магниторезонансные методы 
610 1 |a корреляция 
610 1 |a протонный магнитный резонанс 
610 1 |a твердые вещества 
610 1 |a влажность 
675 |a 620.179.14  |v 3 
700 1 |a Соболев  |b А. С. 
701 1 |a Пудов  |b В. И. 
801 1 |a RU  |b 63413507  |c 20021210  |g PSBO 
801 2 |a RU  |b 63413507  |c 20131016  |g RCR 
942 |c BK